Aplikácia marketingu v rozhraní Google Accelerated Mobile Pages diplomová práca

Enregistré dans:
Détails bibliographiques
Auteur principal: Šášky, Michael, 1996-
Collectivité auteur: Obchodná fakulta EU. Katedra informatiky obchodných firiem
Autres auteurs: Červenka, Peter, 1976-
Format: Livre
Langue:slovaque
Publié: Bratislava 2021
Tags: Ajouter un tag
Pas de tags, Soyez le premier à ajouter un tag!

MARC

LEADER 00000nbm a2200000 4500
001 0274505
005 20220131134406.7
041 0 |a slo 
044 |a SK 
245 1 0 |a Aplikácia marketingu v rozhraní Google Accelerated Mobile Pages  |b diplomová práca  |c Michael Šášky ; školiteľ: Peter Červenka 
264 1 |a Bratislava  |c 2021 
300 |a 66 s. 
100 1 |a Šášky, Michael, 1996- 
700 1 |a Červenka, Peter, 1976- 
710 2 |a Obchodná fakulta EU. Katedra informatiky obchodných firiem